000
00254nam a2200085Ia 4500
008
170620s9999 xx 000 0 und d
100
_a
Reddy- N. Srihari
245
0
_a
Problems of Teaching Secondary School Mathematics
260
_b
New Delhi- Discovery Publishing House
260
_c
2006
999
_c
24694
_d
24694